|
|
|
|
| LEADER |
00859nam a22002052a 4500 |
| 001 |
000270293 |
| 003 |
CZ BrMZK |
| 005 |
20030417084403.0 |
| 008 |
010907s1971 xr f rus d |
| 040 |
|
|
|a BOA001
|b cze
|
| 245 |
0 |
0 |
|a Pedagogičeskaja psichologija v stranach socializma 1945-1970.
|n Tom 2,
|p ČSSR, Polša, Vengrija /
|c sostavil M. Michalička
|
| 246 |
3 |
0 |
|a ČSSR, Polša, Vengrija
|
| 260 |
|
|
|a Praga :
|b Institut pedagogiki J.A. Komenskogo ČAN,
|c [1971?]
|
| 300 |
|
|
|a 224 s.
|
| 700 |
1 |
|
|a Michalička, Miroslav
|
| 910 |
|
|
|a BOA001
|b PK-A-0017.529,2
|
| 964 |
|
|
|a Psychologie pedagogická - státy socialistické - bibliografie výběrové
|
| 964 |
|
|
|a Psychologie pedagogická - státy socialistické - rozvoj - r.1945-1970 - sborníky
|
| 990 |
|
|
|a BK
|
| 996 |
7 |
|
|b 3119908440
|c PK-A-0017.529,2
|l MZK
|r Sklad / do 1 hodiny
|n 0
|w 000270293
|u 000010
|a 1
|e BOA001
|j MZK50
|s A
|